| 000 | 00497nam a2200169 a 4500 | ||
|---|---|---|---|
| 001 | 4233 | ||
| 003 | CDMR | ||
| 005 | 20130405102352.0 | ||
| 008 | 130130s1990||||||||||||||||||||||||||||d | ||
| 040 |
_aCDMR _bcat _cCDMR |
||
| 245 | 0 |
_aComunicación, tecnología y desarrollo _cHamid Mowlana i Laurie J.Wilson |
|
| 260 |
_aParís _c1990 _bUNESCO |
||
| 300 |
_a60 p ; _c30 cm |
||
| 490 | 0 |
_aEstudios y Documentos de Comunicación Social _v101 |
|
| 650 | 0 | 4 |
_92716 _aComunicació i tecnologia |
| 942 |
_cMON _2udc |
||
| 999 |
_c4233 _d4233 |
||